000 01194cam a22003613a 4500
001 7790
003 PGUSA
005 20140828083149.0
008 050301s2005||||xxu|||||s|||||000 1 eng d
040 _aPGUSA
_beng
042 _adc
050 4 _aPS
050 4 _aPZ
100 1 _aRichards, Laura Elizabeth Howe,
_d1850-1943
245 1 0 _aCaptain January
_h[electronic resource] /
_cLaura Elizabeth Howe Richards
260 _bProject Gutenberg,
_c2005
506 _aPublic domain in the USA.
516 _aElectronic text
653 _aNew England -- Juvenile fiction
653 _aChildren -- Conduct of life -- Juvenile fiction
653 _aOrphans -- Juvenile fiction
653 _aIslands -- Juvenile fiction
653 _aConduct of life -- Juvenile fiction
653 _aStudents -- Juvenile fiction
653 _aShip captains -- Juvenile fiction
653 _aKindness -- Juvenile fiction
653 _aIntergenerational relations -- Juvenile fiction
653 _aLighthouse keepers -- Juvenile fiction
653 _aHome schooling -- Juvenile fiction
830 0 _aProject Gutenberg
_v7790
856 4 0 _uhttp://www.gutenberg.org/ebooks/7790
942 _cEB
999 _c237090
_d237090